000 00629nam a2200193 i 4500
001 167579
003 ES-MaACL
005 20250713063724.0
008 170821s1969 sp |||| | spa d
080 _a821.134.2-14"19"
100 1 _aGutiérrez, Fernando,
_d1911-1984
_9156260
245 1 4 _aLas puertas del tiempo /
_cFernando Gutiérrez.
260 _aMadrid :
_bCultura Hispánica,
_c1969.
300 _a56 p. ;
_c20 cm.
490 1 _aColección poética "Leopoldo Panero" ;
_v12
830 1 _aColección poética "Leopoldo Panero" ;
_v12
_9182594
852 _aES-MaACL
_jP-2 Nº 12
999 _c167579
_d167579